000 01720nam0a2200397 i 4500
001 RU\NLR\BIBL_A\010003046
005 20260408205522.0
010 _a9785893145526
_9100
021 _aRU
_b2013-78466
_95410
035 _a(NILC)RuMoRGB-006673365
035 _a(NLR Aleph) 010003046
090 _a9807396
_c9807396
100 _a20131112d2013 m y0rusy50 ca
101 0 _arus
102 _aRU
105 _aa||||||||||||
200 1 _aПологендерное развитие индивидуальности детей младшего школьного возраста с позиций системного подхода
_fЛ. В. Мищенко, И. В. Боязитова, А. С. Войтов
210 _aПятигорск
_cРИА-КМВ
_d2013
215 _a339 с.
_cил.
_d21
320 _aБиблиогр.: с. 298-333 (396 назв.)
606 _aШкольники
_xГендерные исследования
_92414119
_3RU\NLR\AUTH\661438127
606 _aДети младшего школьного возраста
_xУчебный труд
_xОрганизация
_xГендерный подход
_3RU\NLR\AUTH\6601541210
_92168360
675 _a37.015.3
686 1 _aЧ421.332
686 1 _aЧ421.331.1
686 1 _aС550.325.2
700 1 _aМищенко
_bЛ. В.
_gЛюбовь Владимировна
701 1 _7ca
_8rus
_aБоязитова
_bИ. В.
_gИрина Валерьевна
_9207419
_3RU\NLR\AUTH\770207472
701 1 _aВойтов
_bА. С.
801 0 _aRU
_bRuMoRKP
_c20130930
_gRCR
801 2 _aRU
_bРГБ
_c20131014
_grcr
801 1 _aRU
_bRuMoRKP
_c20130930
_2rusmarc
942 _cBOOK
980 _aNBR